=LDR 00000nam 2200000 4500 =001 INLIS000000000001619 =005 20130612090024 =008 ***********************************Ind** =035 ##$$0010-061300000001619 =041 ##$$a Ind =082 ##$$a 657.453 =090 ##$$a 657.453, Muk-a =100 ##$$a MUKHTAR, Ali Masjono =245 ##$$a Audit sistem informasi, Ali Masjono Mukhtar =260 ##$$a 1999 $b Jakarta =300 ##$$a xii, 143 hlm, ilus, 20 cm =650 ##$$a Auditing - Sistem Informasi =850 ##$$a NBPNMAT